00430cam a2200157ua 45000010005000000080039000050400009000440820015000531000029000682450066000972500009001632600043001723000023002156530013002386530021002512395110819n ii |||gr||||Z||||||eng cMAIN a398.054162 aGoswami, Praphulladatta,1 aBohag bihu of Assam and bihu songscby Praphulladatta Goswami a1st. aGuahati:bPublication board assam,988. a172p:bill;c23cm. aFolklore aAssamese culture